The Multimedia internet / (Record no. 3686)

MARC details
000 -LEADER
fixed length control field 00704nam a22002292 4500
001 - CONTROL NUMBER
control field 0000013168
005 - DATE AND TIME OF LATEST TRANSACTION
control field 20151217145901.0
008 - FIXED-LENGTH DATA ELEMENTS--GENERAL INFORMATION
fixed length control field 090614s xx 000 0 eng d
020 ## - INTERNATIONAL STANDARD BOOK NUMBER
International Standard Book Number 0387236813 :
040 ## - CATALOGING SOURCE
Original cataloging agency KABU
Transcribing agency KABU
100 1# - MAIN ENTRY--PERSONAL NAME
Personal name Weinstein, Stephen.
-- 0000170302
245 14 - TITLE STATEMENT
Title The Multimedia internet /
Statement of responsibility, etc. Stephen Weinstein.
250 ## - EDITION STATEMENT
Edition statement 1st ed.
260 ## - PUBLICATION, DISTRIBUTION, ETC. (IMPRINT)
Place of publication, distribution, etc. New York :
Name of publisher, distributor, etc. Springer Science,
Date of publication, distribution, etc. 2005.
300 ## - PHYSICAL DESCRIPTION
Extent xiv, 383 p.
650 #0 - SUBJECT ADDED ENTRY--TOPICAL TERM
Topical term or geographic name as entry element Multimedia systems.
-- 0000148337
650 #0 - SUBJECT ADDED ENTRY--TOPICAL TERM
Topical term or geographic name as entry element Internet.
-- 0000000969
852 1# - LOCATION
-- p5200 KES
852 1# - LOCATION
-- p4939 KES
908 ## - PUT COMMAND PARAMETER (RLIN)
Put command parameter 090614
950 ## - LOCAL HOLDINGS (RLIN)
-- 1
Holdings
Withdrawn status Lost status Source of classification or shelving scheme Not for loan Home library Current library Date acquired Total Checkouts Full call number Barcode Date last seen Price effective from Koha item type
    Library of Congress Classification   Kabarak, Main Campus Kabarak, Main Campus 17/12/2015   QA76.575 .W45 2005 c. 1 17864 17/12/2015 17/12/2015 General Collection
    Library of Congress Classification   Kabarak, Main Campus Kabarak, Main Campus 17/12/2015   QA76.575 .W45 2005 c. 2 18113 17/12/2015 17/12/2015 General Collection
Designed with assistance from East African Informatics Ltd